Co jest najważniejsze w boksie? - Statystyki

Ogólne statystyki
  • Ten quiz został rozwiązany 55 razy
  • Średni wynik to 1 z 5
Statystyki odpowiedzi
Odpowiedź % Poprawnych
Szybkość
73%
Unik
42%
Celność
12%
Lewy sierpowy
10%
Kroki
4%
Nie znaleziono quizów pasujących do podanych kryteriów
Rozkład punktacji
Procent ludzi z każdym wynikiem
Percentyl według liczby udzielonych odpowiedzi
Twoja historia wyników
Nie rozwiązałeś tego quizu